00646nam a22001695i 450000100060000000300090000600500170001500700030003200800410003504000200007610000440009624502020014026000640034230000210040665000250042785200240045268370ES-MaACL20250929063129.0t|960801s1895 sp ||||1| spa d aCAM bspa cCAM1 aGarcía de Galdeano, Zoel, d1846-192410aDiscurso leído en la Universidad de Zaragoza en la solemne apertura del curso académico de 1895 a 1896 [tema: Carácter y trascendencia de las matemáticas] / cpor Zoel García de Galdeano. aZaragoza : b[s.n.], c1895 (fImprenta de Calixto Ariño) a61 p. ; c27 cm.07aMatemáticas2embne aES-MaACLjT-776-F-3